[Event "Portugal Open 2018"]
[Site "Lisboa POR"]
[Date "2018.02.04"]
[Round "4.112"]
[White "Rupérez Benito, Paula"]
[Black "Dong, Fábio"]
[Result "1/2-1/2"]
[WhiteElo "1544"]
[BlackElo "1201"]
[WhiteFideId "22297618"]
[BlackFideId "1958020"]
[WhiteCountry "ESP"]
[BlackCountry "POR"]
[PlyCount "50"]
[EventDate "2018.??.??"]

1. e4 c5 2. Nf3 e6 3. d4 cxd4 4. Nxd4 Nc6 5. Nf3 Nf6 6. Bd3 d5 7. e5 Nd7 8. Bf4
Qc7 9. Qe2 f6 10. Bb5 fxe5 11. Bxe5 Ndxe5 12. Nxe5 a6 13. Bxc6+ bxc6 14. Qh5+
Ke7 15. Qf7+ Kd8 16. Qh5 Ke7 17. Ng6+ hxg6 18. Qxh8 Qe5+ 19. Kd2 Qd4+ 20. Ke2
Qe5+ 21. Kf3 Qf6+ 22. Ke3 Qe5+ 23. Kf3 Qf6+ 24. Ke3 Qe5+ 25. Kf3 Qf6+ 1/2-1/2

[Event "Portugal Open 2018"]
[Site "Lisboa POR"]
[Date "2018.02.04"]
[Round "4.113"]
[White "Ferrante, Filippo"]
[Black "Canelas, Miguel"]
[Result "1-0"]
[WhiteElo "1539"]
[BlackElo "1172"]
[WhiteFideId "846457"]
[BlackFideId "1941968"]
[WhiteCountry "ITA"]
[BlackCountry "POR"]
[PlyCount "77"]
[EventDate "2018.??.??"]

1. Nf3 d5 2. g3 Nf6 3. Bg2 Nc6 4. d4 e6 5. O-O Be7 6. c3 Qd6 7. Bf4 Qd7 8. Qc2
h6 9. Nbd2 Bd6 10. Bxd6 Qxd6 11. Rfe1 e5 12. dxe5 Nxe5 13. Rad1 g5 14. Nxe5 Qxe5
15. e4 dxe4 16. Nxe4 Nxe4 17. Rxe4 Qxe4 18. Qxe4+ Be6 19. Qxb7 O-O 20. Qxa8 Rxa8
21. Bxa8 Bxa2 22. Bd5 Bxd5 23. Rxd5 f6 24. Rd7 Kf8 25. Rxc7 Ke8 26. Rxa7 Kd8 27.
Rf7 Ke8 28. Rc7 Kd8 29. Rc4 Kd7 30. b4 Kd6 31. b5 Kd5 32. Rc8 Kd6 33. b6 Kd7 34.
b7 Kd6 35. b8=Q+ Kd7 36. Rh8 Ke7 37. Qc8 Kf7 38. Qd8 Kg7 39. Qg8# 1-0

[Event "Portugal Open 2018"]
[Site "Lisboa POR"]
[Date "2018.02.04"]
[Round "4.114"]
[White "Maissa, Susana"]
[Black "Cavadas, José"]
[Result "0-1"]
[WhiteElo "1171"]
[BlackElo "1535"]
[WhiteFideId "1954202"]
[BlackFideId "1904990"]
[WhiteCountry "POR"]
[BlackCountry "POR"]
[PlyCount "76"]
[EventDate "2018.??.??"]

1. Nf3 Nf6 2. g3 e6 3. Bg2 d5 4. O-O c5 5. d3 Nc6 6. Bf4 Bd6 7. Bxd6 Qxd6 8.
Nbd2 Qc7 9. c4 O-O 10. Rc1 b6 11. Nh4 Bb7 12. h3 Rad8 13. b3 Rd7 14. cxd5 Nxd5
15. Ne4 h6 16. a3 a5 17. Qc2 Nd4 18. Qb2 Qe5 19. Kh1 g5 20. Nf3 Nxf3 21. Qxe5
Nxe5 22. Rfd1 f5 23. Nd2 g4 24. h4 f4 25. Ne4 f3 26. Bf1 fxe2 27. Bxe2 Nf3 28.
Rf1 Ne7 29. Rc4 Bxe4 30. Rxe4 Nd2 31. Rxg4+ Kh8 32. Rd1 Nxb3 33. Rg6 Nxg6 34.
Bg4 Rd6 35. Kg2 Ne5 36. Be2 c4 37. dxc4 Rxd1 38. Bxd1 Nd4 0-1

[Event "Portugal Open 2018"]
[Site "Lisboa POR"]
[Date "2018.02.04"]
[Round "4.115"]
[White "Almeida, José António"]
[Black "Pina, Tiago"]
[Result "1-0"]
[WhiteElo "1469"]
[BlackElo "1154"]
[WhiteFideId "1958143"]
[BlackFideId "1950673"]
[WhiteCountry "POR"]
[BlackCountry "POR"]
[PlyCount "115"]
[EventDate "2018.??.??"]

1. Nf3 Nf6 2. g3 g6 3. c3 Bg7 4. d4 d5 5. Bg2 O-O 6. Nbd2 Nbd7 7. O-O c5 8. Qc2
b6 9. e4 dxe4 10. Nxe4 Qc7 11. Bf4 Qc6 12. Nxf6+ Nxf6 13. Ne5 Bf5 14. Qxf5 Qxg2+
15. Kxg2 gxf5 16. dxc5 bxc5 17. Nc6 Rfe8 18. Be3 e5 19. Rfd1 Re6 20. Na5 Rb8 21.
Rab1 a6 22. Bxc5 Ne4 23. Bb4 h5 24. f3 Nf6 25. Rd6 Rb6 26. Rbd1 e4 27. Rxb6 Rxb6
28. Rd6 Rxd6 29. Bxd6 Nd7 30. Nc4 Kh7 31. Kf2 Bh6 32. f4 Bg7 33. a4 Nf6 34. h3
Nd5 35. Ne5 Kg8 36. c4 Bxe5 37. fxe5 Nb6 38. b3 a5 39. Ke3 Kg7 40. Bc7 Nd7 41.
Bxa5 Nxe5 42. Bc3 f6 43. Bxe5 fxe5 44. a5 Kg6 45. a6 Kg5 46. a7 f4+ 47. gxf4+
exf4+ 48. Kxe4 Kh4 49. Kxf4 Kxh3 50. a8=Q h4 51. c5 Kh2 52. b4 h3 53. c6 Kg1 54.
c7 h2 55. c8=Q h1=Q 56. Qxh1+ Kxh1 57. Qg8 Kh2 58. Kf3 1-0

[Event "Portugal Open 2018"]
[Site "Lisboa POR"]
[Date "2018.02.04"]
[Round "4.116"]
[White "Capamba, Assis"]
[Black "Dong, Rafael"]
[Result "1-0"]
[WhiteElo "1442"]
[BlackElo "1149"]
[WhiteFideId "1952609"]
[BlackFideId "1958038"]
[WhiteCountry "ANG"]
[BlackCountry "POR"]
[PlyCount "71"]
[EventDate "2018.??.??"]

1. e4 c5 2. Nf3 e6 3. d4 cxd4 4. Bd3 Nc6 5. a3 Nf6 6. O-O Be7 7. h3 d5 8. e5 Nd7
9. Re1 Qc7 10. Bf4 O-O 11. Bh2 b6 12. Nbd2 Nc5 13. Nb3 Nxb3 14. cxb3 Bd7 15. Rc1
Qb7 16. Qc2 h6 17. b4 Rac8 18. Qe2 Rc7 19. b5 Na5 20. Nxd4 Rfc8 21. Bf4 Nc4 22.
Qg4 Kf8 23. Bxh6 gxh6 24. Bh7 Ke8 25. Qh5 Bc5 26. Bg8 Bxd4 27. Qxf7+ Kd8 28.
Qf6+ Ke8 29. Bf7+ Kf8 30. Bxe6+ Ke8 31. Bf7+ Kf8 32. Bxd5+ Ke8 33. Bxb7 Rxb7 34.
Qg6+ Kd8 35. Rcd1 Bxb2 36. e6 1-0

[Event "Portugal Open 2018"]
[Site "Lisboa POR"]
[Date "2018.02.05"]
[Round "5.33"]
[White "Santos, José Gulherme"]
[Black "Öztürk, Kubra"]
[Result "0-1"]
[WhiteElo "2098"]
[BlackElo "2353"]
[WhiteFideId "1939300"]
[BlackFideId "6302599"]
[BlackTitle "WGM"]
[WhiteCountry "POR"]
[BlackCountry "TUR"]
[PlyCount "124"]
[EventDate "2018.??.??"]

1. e4 e5 2. Nf3 Nc6 3. Bb5 a6 4. Ba4 Nf6 5. O-O b5 6. Bb3 Bb7 7. Re1 Bc5 8. c3
d6 9. d4 Bb6 10. a4 h6 11. Na3 O-O 12. Be3 exd4 13. cxd4 Na5 14. d5 c6 15. dxc6
Bxc6 16. Bd5 Bxe3 17. Rxe3 Bxd5 18. exd5 b4 19. Nc2 Nc4 20. Re1 Qa5 21. Qd4 Qxd5
22. Qxd5 Nxd5 23. Rad1 b3 24. Na3 Nxa3 25. Rxd5 Nc4 26. Nd2 Rfe8 27. Rxe8+ Rxe8
28. g3 Re1+ 29. Kg2 Rd1 30. Rd4 Nxd2 31. Rxd6 a5 32. f4 Rc1 33. Rxd2 Rc2 34. Rf2
f5 35. Kf1 Rc4 36. Rf3 Rc1+ 37. Kg2 Rc2+ 38. Rf2 Kf7 39. Kf3 Kf6 40. Ke3 Rc4 41.
Kd3 Rxa4 42. Kc3 Rb4 43. Rd2 Ke6 44. Rd4 Rxd4 45. Kxd4 g5 46. Kc5 gxf4 47. gxf4
a4 48. Kb4 Kd5 49. Kxa4 Ke4 50. Kxb3 Kxf4 51. Kc2 Ke3 52. Kd1 Kf2 53. b4 f4 54.
b5 f3 55. b6 Kg1 56. b7 f2 57. b8=Q f1=Q+ 58. Kd2 Qf2+ 59. Kd3 Qf3+ 60. Kd2 h5
61. Qg3+ Qxg3 62. hxg3 Kf2 0-1

[Event "Portugal Open 2018"]
[Site "Lisboa POR"]
[Date "2018.02.05"]
[Round "5.34"]
[White "Cuevas Fernandez, José Alberto"]
[Black "Rupérez Benito, Antonio"]
[Result "1/2-1/2"]
[WhiteElo "2128"]
[BlackElo "2348"]
[WhiteFideId "2288150"]
[BlackFideId "22245049"]
[BlackTitle "FM"]
[WhiteCountry "ESP"]
[BlackCountry "ESP"]
[PlyCount "94"]
[EventDate "2018.??.??"]

1. d4 e6 2. c4 d5 3. Nc3 Nf6 4. Bg5 Be7 5. cxd5 exd5 6. e3 c6 7. Bd3 O-O 8. Qc2
Nbd7 9. Nge2 Re8 10. O-O Nf8 11. Rfe1 Ng6 12. Rad1 Ng4 13. Bxe7 Qxe7 14. Ng3 Qh4
15. h3 Nf6 16. b4 Qg5 17. b5 Nh4 18. e4 Bxh3 19. gxh3 Nf3+ 20. Kg2 Nxe1+ 21.
Rxe1 dxe4 22. Ncxe4 Nxe4 23. Bxe4 Qxb5 24. Rb1 Qa6 25. Bxh7+ Kh8 26. Bd3 Qa5 27.
Rxb7 Rac8 28. Be4 c5 29. d5 Rc7 30. Qe2 g6 31. Qb2+ Kg8 32. Rb8 Rcc8 33. Rxc8
Rxc8 34. d6 Rd8 35. Qf6 c4 36. Kh2 c3 37. Bd5 Qxd5 38. Qxd8+ Kg7 39. Qc7 Qd4 40.
d7 Qxf2+ 41. Kh1 Qe1+ 42. Kg2 Qd2+ 43. Kf3 Qd3+ 44. Kf2 Qd4+ 45. Kf3 Qd3+ 46.
Kf4 Qd2+ 47. Ke4 Qg2+ 1/2-1/2

[Event "Portugal Open 2018"]
[Site "Lisboa POR"]
[Date "2018.02.05"]
[Round "5.35"]
[White "Zemlickova, Olena"]
[Black "Ding, Tze How Dilwen"]
[Result "1/2-1/2"]
[WhiteElo "2090"]
[BlackElo "2306"]
[WhiteFideId "14105560"]
[BlackFideId "5707641"]
[WhiteTitle "WIM"]
[BlackTitle "FM"]
[WhiteCountry "UKR"]
[BlackCountry "MAS"]
[PlyCount "73"]
[EventDate "2018.??.??"]

1. d4 d5 2. Nf3 Nf6 3. e3 c5 4. b3 cxd4 5. exd4 Nc6 6. Bb2 Bg4 7. Be2 e6 8. O-O
Bd6 9. Ne5 Bf5 10. c4 O-O 11. Bd3 Bxd3 12. Qxd3 dxc4 13. Nxc4 Nb4 14. Qe2 Rc8
15. Nc3 a6 16. Ne5 Qb6 17. Rfd1 Rfd8 18. Rd2 Nbd5 19. Nxd5 Nxd5 20. Qf3 f6 21.
Nc4 Qc7 22. Nxd6 Rxd6 23. Re1 Qd7 24. Rde2 b5 25. a3 a5 26. g3 b4 27. Qg4 f5 28.
Qf3 bxa3 29. Bxa3 Rc3 30. Qg2 Ra6 31. Rb2 a4 32. Qf1 Ra8 33. Qe2 Rxb3 34. Rxb3
axb3 35. Bc5 Ra2 36. Qc4 Qb7 37. Rb1 1/2-1/2

[Event "Portugal Open 2018"]
[Site "Lisboa POR"]
[Date "2018.02.05"]
[Round "5.36"]
[White "Ribeiro, José"]
[Black "Terbe, Julianna"]
[Result "1/2-1/2"]
[WhiteElo "2064"]
[BlackElo "2292"]
[WhiteFideId "1901796"]
[BlackFideId "708780"]
[BlackTitle "WIM"]
[WhiteCountry "POR"]
[BlackCountry "HUN"]
[PlyCount "42"]
[EventDate "2018.??.??"]

1. d4 d5 2. c4 c6 3. cxd5 cxd5 4. Nc3 Nf6 5. Bf4 Nc6 6. e3 Bf5 7. Qb3 Na5 8.
Bb5+ Bd7 9. Bxd7+ Qxd7 10. Qb5 Nc6 11. Nf3 a6 12. Qd3 e6 13. Ne5 Nxe5 14. Bxe5
Be7 15. O-O O-O 16. Rac1 Ng4 17. Bg3 f5 18. f3 Nf6 19. Ne2 Rac8 20. Rxc8 Rxc8
21. Rc1 Rxc1+ 1/2-1/2

[Event "Portugal Open 2018"]
[Site "Lisboa POR"]
[Date "2018.02.05"]
[Round "5.37"]
[White "Fernandes, Miguel"]
[Black "Silva, David"]
[Result "1/2-1/2"]
[WhiteElo "2036"]
[BlackElo "2283"]
[WhiteFideId "1920456"]
[BlackFideId "10101314"]
[BlackTitle "IM"]
[WhiteCountry "POR"]
[BlackCountry "ANG"]
[PlyCount "51"]
[EventDate "2018.??.??"]

1. d4 Nf6 2. c4 g6 3. Nc3 Bg7 4. e4 d6 5. h3 O-O 6. Nf3 e5 7. d5 Na6 8. Be3 Nc5
9. Nd2 a5 10. g4 Nfd7 11. Be2 f5 12. gxf5 gxf5 13. exf5 Nb8 14. f6 Qxf6 15. Nce4
Nxe4 16. Nxe4 Qg6 17. Qc2 Na6 18. a3 Bf5 19. Bd3 Bh6 20. O-O-O Bxe3+ 21. fxe3
Qh6 22. Rhg1+ Kh8 23. Rg3 Bxe4 24. Bxe4 Nc5 25. Rdg1 a4 26. Kb1 1/2-1/2

[Event "Portugal Open 2018"]
[Site "Lisboa POR"]
[Date "2018.02.05"]
[Round "5.38"]
[White "Balbuena Fuentes, Mario"]
[Black "Leão, Tiago"]
[Result "1/2-1/2"]
[WhiteElo "2282"]
[BlackElo "2099"]
[WhiteFideId "32017880"]
[BlackFideId "1925563"]
[WhiteTitle "FM"]
[WhiteCountry "ESP"]
[BlackCountry "POR"]
[PlyCount "96"]
[EventDate "2018.??.??"]

1. e4 c5 2. Nf3 d6 3. d4 cxd4 4. Nxd4 Nf6 5. Nc3 Nc6 6. h3 h5 7. Bg5 g6 8. Bxf6
exf6 9. Bc4 a6 10. O-O Bd7 11. Nb3 Be6 12. Bd5 Be7 13. f4 f5 14. Bxe6 fxe6 15.
exf5 gxf5 16. Re1 Qb6+ 17. Kh1 Rh6 18. a4 Qf2 19. Rf1 Qh4 20. Nd4 Nxd4 21. Qxd4
Kf7 22. Rae1 Rg8 23. Re2 Rg3 24. Re3 Rhg6 25. Rxg3 Qxg3 26. Qd2 d5 27. Rf3 Qh4
28. Ne2 Bc5 29. Nd4 Bxd4 30. Qxd4 Qe1+ 31. Kh2 Qe4 32. Qxe4 fxe4 33. Rb3 h4 34.
Rxb7+ Kf6 35. Kg1 e3 36. Kf1 Kf5 37. Rh7 Ke4 38. Rxh4 e2+ 39. Kxe2 Rxg2+ 40. Kd1
Ke3 41. Rg4 Rh2 42. Rg3+ Kxf4 43. Rd3 e5 44. Rxd5 e4 45. Rd2 Rh1+ 46. Ke2 Rh2+
47. Ke1 Rh1+ 48. Ke2 Rh2+ 1/2-1/2

[Event "Portugal Open 2018"]
[Site "Lisboa POR"]
[Date "2018.02.05"]
[Round "5.40"]
[White "Godzwon, Iwo"]
[Black "Nikanova, Ekaterina"]
[Result "1-0"]
[WhiteElo "2240"]
[BlackElo "2048"]
[WhiteFideId "21802483"]
[BlackFideId "13506374"]
[WhiteCountry "POL"]
[BlackCountry "BLR"]
[PlyCount "71"]
[EventDate "2018.??.??"]

1. e4 c5 2. Nf3 d6 3. d4 cxd4 4. Nxd4 Nf6 5. Nc3 a6 6. Bg5 e6 7. f4 Nbd7 8. Qf3
Qc7 9. O-O-O b5 10. a3 Bb7 11. Bd3 Qb6 12. Nb3 Rc8 13. Qe2 Rxc3 14. bxc3 Be7 15.
Bh4 Qc7 16. Be1 O-O 17. Bf2 Rc8 18. Rhe1 d5 19. e5 Qxc3 20. Kb1 Ne8 21. f5 Bxa3
22. Bd4 Qb4 23. fxe6 fxe6 24. Rf1 Qe7 25. Rf4 g6 26. Rdf1 Ng7 27. Rf7 Qxf7 28.
Rxf7 Kxf7 29. h4 Kg8 30. Qg4 Nc5 31. Nxc5 Bxc5 32. Bxc5 Rxc5 33. Qg5 Rc3 34. g4
Bc6 35. h5 Bd7 36. h6 1-0

[Event "Portugal Open 2018"]
[Site "Lisboa POR"]
[Date "2018.02.05"]
[Round "5.41"]
[White "Pelaez Murias, Eduardo"]
[Black "Weinzettl, Ernst"]
[Result "1/2-1/2"]
[WhiteElo "1961"]
[BlackElo "2238"]
[WhiteFideId "22279709"]
[BlackFideId "1600575"]
[BlackTitle "IM"]
[WhiteCountry "ESP"]
[BlackCountry "AUT"]
[PlyCount "43"]
[EventDate "2018.??.??"]

1. e4 e6 2. f4 d5 3. e5 c5 4. Nf3 Nc6 5. c3 Nge7 6. Na3 Nf5 7. Nc2 Be7 8. Bd3
Bh4+ 9. Kf1 Be7 10. Qe2 b6 11. Ne3 Nxe3+ 12. dxe3 Bb7 13. Bd2 Qc7 14. c4 d4 15.
Kf2 dxe3+ 16. Qxe3 O-O-O 17. Bc3 Nd4 18. Be4 Nf5 19. Qe2 Nd4 20. Qe3 Nf5 21. Qe2
Nd4 22. Qe3 1/2-1/2

[Event "Portugal Open 2018"]
[Site "Lisboa POR"]
[Date "2018.02.05"]
[Round "5.42"]
[White "Apanasenok, Alexander"]
[Black "Pires, Emanuel"]
[Result "0-1"]
[WhiteElo "2236"]
[BlackElo "2068"]
[WhiteFideId "4139305"]
[BlackFideId "1914715"]
[WhiteCountry "RUS"]
[BlackCountry "POR"]
[PlyCount "194"]
[EventDate "2018.??.??"]

1. Nf3 d5 2. g3 Nf6 3. Bg2 c5 4. O-O Nc6 5. d4 e6 6. c4 dxc4 7. Qa4 Be7 8. dxc5
Qa5 9. Qxc4 Qxc5 10. Na3 O-O 11. Qxc5 Bxc5 12. b3 Nd4 13. Nxd4 Bxd4 14. Rb1 e5
15. e3 Bc3 16. Nb5 Bb4 17. Ba3 a5 18. Bb2 Bf5 19. Rbd1 Bc2 20. Bxe5 Bxd1 21.
Rxd1 Rac8 22. Bc7 Ne8 23. Bb6 Nf6 24. a3 Bc5 25. Bxa5 b6 26. Bc3 Rfd8 27. Rxd8+
Rxd8 28. Bf3 Nd5 29. Bb2 Nxe3 30. b4 Nd1 31. bxc5 Nxb2 32. cxb6 Na4 33. b7 Nc5
34. Nd6 Na6 35. Nc4 Rd3 36. Kg2 Rc3 37. Bd5 Kf8 38. a4 Rb3 39. Bc6 Ke7 40. Bb5
Nb8 41. Ne3 g6 42. Kf3 Kd6 43. h4 Kc7 44. Bc4 Ra3 45. Bxf7 Kxb7 46. Bg8 Nd7 47.
Bxh7 Rxa4 48. Ng4 Nf8 49. Bg8 Kc7 50. Ne3 Kd6 51. Nc4+ Ke7 52. Bd5 Kf6 53. g4
Nd7 54. g5+ Kf5 55. Ne3+ Ke5 56. Bc6 Rf4+ 57. Kg3 Rd4 58. Ng4+ Kd6 59. Bxd7 Kxd7
60. Ne5+ Ke6 61. Nxg6 Kf5 62. Ne7+ Ke6 63. Ng8 Kf5 64. Nh6+ Kg6 65. f3 Kh5 66.
Ng4 Ra4 67. Nf6+ Kg6 68. Nd7 Kh5 69. Ne5 Rxh4 70. f4 Rh3+ 71. Kf2 Ra3 72. g6 Kh6
73. Ke2 Kg7 74. Kf2 Kf6 75. Ke2 Kf5 76. g7 Rg3 77. Nd3 Rxg7 78. Nc5 Ra7 79. Ke3
Ra3+ 80. Nd3 Rc3 81. Kd4 Rc8 82. Ke3 Rh8 83. Nf2 Rh4 84. Nd3 Rh3+ 85. Ke2 Rg3
86. Kd2 Ke4 87. Nc5+ Kxf4 88. Ne6+ Ke5 89. Nc7 Ke4 90. Ne6 Rd3+ 91. Kc2 Rd6 92.
Ng5+ Kf4 93. Nf7 Rd5 94. Kc3 Kf5 95. Kc4 Ke6 96. Nh6 Rg5 97. Kd4 Rg6 0-1

[Event "Portugal Open 2018"]
[Site "Lisboa POR"]
[Date "2018.02.05"]
[Round "5.43"]
[White "Van Zyl-Rudd, Jack"]
[Black "Blum, Gernot"]
[Result "0-1"]
[WhiteElo "2197"]
[BlackElo "2028"]
[WhiteFideId "14309017"]
[BlackFideId "4602030"]
[WhiteTitle "FM"]
[WhiteCountry "RSA"]
[BlackCountry "GER"]
[PlyCount "120"]
[EventDate "2018.??.??"]

1. d4 d6 2. Nf3 Nd7 3. c4 e5 4. Nc3 Be7 5. g3 Ngf6 6. Bg2 c6 7. e4 O-O 8. O-O
Qc7 9. b3 Re8 10. Bb2 Nf8 11. Qc2 Bg4 12. Ne2 Ng6 13. h3 Bxf3 14. Bxf3 Rad8 15.
Rad1 Bf8 16. Rfe1 a6 17. a4 h6 18. Bg2 c5 19. d5 Nh5 20. Qd2 Be7 21. Rf1 Rb8 22.
Nc3 Qb6 23. Qc2 Bd8 24. Ba3 Qc7 25. Qd3 Qd7 26. b4 cxb4 27. Bxb4 Bb6 28. a5 Ba7
29. Ne2 Rbc8 30. Rb1 Rc7 31. Rfc1 Rec8 32. Qb3 Nf6 33. Rc2 Ne8 34. Rbc1 Ne7 35.
Bd2 f5 36. Be3 Bc5 37. Qd3 fxe4 38. Qxe4 Qa4 39. Bxc5 Rxc5 40. f4 Nf6 41. Qd3
exf4 42. Nxf4 Nd7 43. Qe4 Ne5 44. Nd3 Rxc4 45. Rxc4 Rxc4 46. Rxc4 Qxc4 47. Nxe5
Qc5+ 48. Kh2 dxe5 49. Qxe5 Nc8 50. Qe6+ Kf8 51. Qf5+ Kg8 52. Be4 Nd6 53. Qh7+
Kf7 54. Bf3 Qf2+ 55. Bg2 Nf5 56. g4 Qg3+ 57. Kh1 Ne3 58. Qe4 Qxg2+ 59. Qxg2 Nxg2
60. Kxg2 Kf6 0-1

[Event "Portugal Open 2018"]
[Site "Lisboa POR"]
[Date "2018.02.05"]
[Round "5.44"]
[White "Costa, Paulo"]
[Black "Mikalsen, Harald"]
[Result "1-0"]
[WhiteElo "2175"]
[BlackElo "2026"]
[WhiteFideId "1900900"]
[BlackFideId "1511564"]
[WhiteCountry "POR"]
[BlackCountry "NOR"]
[PlyCount "85"]
[EventDate "2018.??.??"]

1. d4 Nf6 2. Nf3 e6 3. Bf4 b6 4. e3 Bb7 5. h3 Be7 6. Nbd2 O-O 7. Be2 d6 8. O-O
Nbd7 9. c3 Re8 10. a4 Nf8 11. a5 Ng6 12. Bh2 Qd7 13. Qb1 Rad8 14. axb6 axb6 15.
Ra7 Ra8 16. Rxb7 Qc6 17. Bb5 Qxb7 18. Bxe8 Rxe8 19. b4 Ra8 20. c4 Ra4 21. b5 d5
22. Qc2 Qa7 23. cxd5 Nxd5 24. Rc1 Ra1 25. Bg3 Bb4 26. Kh2 Ra2 27. Qd3 Ra3 28.
Qc4 f5 29. Qc6 Nf8 30. Nc4 Ra1 31. Rxa1 Qxa1 32. Ng5 f4 33. exf4 Qxd4 34. Nxe6
Qf6 35. Qxd5 Qxe6 36. Qxe6+ Nxe6 37. f5 Nd4 38. Bxc7 Nxb5 39. Bxb6 Kf7 40. g4 g6
41. fxg6+ hxg6 42. f4 Ke6 43. Be3 1-0

[Event "Portugal Open 2018"]
[Site "Lisboa POR"]
[Date "2018.02.05"]
[Round "5.45"]
[White "Silva, Flávio"]
[Black "Hasman, Cengiz"]
[Result "1-0"]
[WhiteElo "1952"]
[BlackElo "2161"]
[WhiteFideId "1903691"]
[BlackFideId "413364"]
[WhiteCountry "POR"]
[PlyCount "89"]
[EventDate "2018.??.??"]

1. c4 b5 2. cxb5 a6 3. e3 g6 4. Nf3 Bg7 5. d4 Nf6 6. Be2 axb5 7. Bxb5 O-O 8. O-O
c5 9. Nc3 cxd4 10. exd4 Qb6 11. h3 Ne4 12. Bd3 Nd6 13. Qe2 e6 14. Rd1 Nc6 15.
Be3 Nb4 16. d5 Qa5 17. Bf4 Nf5 18. dxe6 fxe6 19. Be5 Bh6 20. Bb5 d5 21. a3 Na6
22. b4 Qd8 23. Bc6 Ra7 24. Nb5 Raf7 25. Nbd4 Nxd4 26. Bxd4 Nb8 27. Bb5 Rf4 28.
Be5 Qb6 29. Bd4 Rxd4 30. Nxd4 Bg7 31. Rac1 Bxd4 32. Rxd4 Qxd4 33. Rxc8 e5 34.
Rxf8+ Kxf8 35. Qc2 Qb6 36. Qc8+ Kg7 37. Qc5 Qd8 38. a4 Kf6 39. a5 d4 40. a6 d3
41. Bxd3 Qxd3 42. a7 Nd7 43. Qc6+ Kg5 44. a8=Q Nf6 45. h4+ 1-0

[Event "Portugal Open 2018"]
[Site "Lisboa POR"]
[Date "2018.02.05"]
[Round "5.46"]
[White "Shamima, Akter Liza"]
[Black "Craciun, Ion"]
[Result "1-0"]
[WhiteElo "2160"]
[BlackElo "1974"]
[WhiteFideId "10202587"]
[BlackFideId "13902440"]
[WhiteTitle "WIM"]
[WhiteCountry "BAN"]
[BlackCountry "POR"]
[PlyCount "65"]
[EventDate "2018.??.??"]

1. e4 e5 2. Bc4 Nc6 3. Nf3 Nf6 4. O-O Be7 5. Re1 O-O 6. Bb3 d6 7. c3 Bg4 8. h3
Bh5 9. d3 h6 10. Nbd2 Nh7 11. g4 Bg6 12. Kg2 Ng5 13. Nxg5 Bxg5 14. Nf1 Kh8 15.
Ng3 Bf4 16. Qf3 Qg5 17. Rh1 f5 18. exf5 Bxf5 19. gxf5 Rxf5 20. Qg4 Qxg4 21. hxg4
Rg5 22. f3 Rf8 23. Rh5 Rxh5 24. Nxh5 g5 25. Ng3 Ne7 26. Ne2 Ng6 27. Bxf4 Nxf4+
28. Nxf4 Rxf4 29. Re1 Kg7 30. d4 Kf6 31. dxe5+ dxe5 32. Kg3 a5 33. Rh1 1-0

[Event "Portugal Open 2018"]
[Site "Lisboa POR"]
[Date "2018.02.05"]
[Round "5.47"]
[White "Dias, Ivo"]
[Black "Dahlgren, James Allen"]
[Result "0-1"]
[WhiteElo "2158"]
[BlackElo "1809"]
[WhiteFideId "1901680"]
[BlackFideId "22256873"]
[WhiteTitle "CM"]
[WhiteCountry "POR"]
[BlackCountry "ESP"]
[PlyCount "69"]
[EventDate "2018.??.??"]

1. Nf3 Nf6 2. c4 c6 3. e3 d5 4. Nc3 a6 5. b3 Bf5 6. Be2 e6 7. Nh4 Bg6 8. Bb2 Bd6
9. d4 Nbd7 10. Nxg6 hxg6 11. Qc2 Rc8 12. h3 b5 13. O-O Bb8 14. e4 b4 15. Na4
Nxe4 16. Rac1 Qc7 17. f4 Ng3 18. cxd5 cxd5 19. Qd3 Nxe2+ 20. Qxe2 Qb7 21. f5
Rxc1 22. Bxc1 gxf5 23. Rxf5 Qc6 24. Bd2 Ba7 25. Bxb4 Bxd4+ 26. Kh1 g6 27. Rf1
Qb5 28. Qe1 Qd3 29. Rf3 Qb5 30. Ba3 Ne5 31. Rg3 Nd3 32. Qd2 Nf2+ 33. Kh2 Qf1 34.
Re3 Bxe3 35. Qxe3 0-1

[Event "Portugal Open 2018"]
[Site "Lisboa POR"]
[Date "2018.02.05"]
[Round "5.48"]
[White "Vanden Bussche, Steven"]
[Black "Ferreira, Hugo"]
[Result "0-1"]
[WhiteElo "1940"]
[BlackElo "2158"]
[WhiteFideId "228699"]
[BlackFideId "1915940"]
[WhiteCountry "BEL"]
[BlackCountry "POR"]
[PlyCount "112"]
[EventDate "2018.??.??"]

1. d4 d5 2. Bf4 Nf6 3. e3 e6 4. c3 c5 5. Nd2 Bd6 6. Bg3 O-O 7. Bd3 Nc6 8. Ngf3
b6 9. Ne5 Bb7 10. f4 Ne7 11. Qc2 c4 12. Be2 b5 13. Bf3 Qc7 14. O-O Nf5 15. Bf2
Be7 16. g4 Nd6 17. Kh1 Nfe4 18. g5 a5 19. h4 Nxf2+ 20. Rxf2 Nf5 21. Re1 f6 22.
gxf6 Bxf6 23. Rh2 Qe7 24. Nf1 Bxe5 25. fxe5 Nxd4 26. exd4 Rxf3 27. Qg2 Raf8 28.
Kg1 b4 29. Ne3 bxc3 30. bxc3 Bc6 31. Re2 Qa3 32. Rh3 R3f4 33. Ng4 Qc1+ 34. Kh2
Qf1 35. Rg3 Qxg2+ 36. Rexg2 Kh8 37. h5 h6 38. Rb2 Be8 39. Rb6 Bxh5 40. Ne3 Rf2+
41. Rg2 R2f3 42. Ng4 Rxc3 43. Rxe6 Bxg4 44. Rxg4 Rc2+ 45. Kg3 Rc1 46. Kg2 c3 47.
Rc6 c2 48. e6 Re8 49. Rg3 Rxe6 50. Rxe6 Rg1+ 51. Kxg1 c1=Q+ 52. Kf2 Qd2+ 53. Re2
Qxd4+ 54. Ke1 Kh7 55. Rd2 Qe5+ 56. Kf2 Qf4+ 0-1

[Event "Portugal Open 2018"]
[Site "Lisboa POR"]
[Date "2018.02.05"]
[Round "5.49"]
[White "Carneiro, Carlos"]
[Black "Silva, Pedro Gil"]
[Result "1-0"]
[WhiteElo "2130"]
[BlackElo "1766"]
[WhiteFideId "1900170"]
[BlackFideId "1946102"]
[WhiteTitle "NM"]
[WhiteCountry "POR"]
[BlackCountry "POR"]
[PlyCount "77"]
[EventDate "2018.??.??"]

1. d4 d5 2. Nf3 Nf6 3. c4 dxc4 4. e3 e6 5. Bxc4 c5 6. O-O a6 7. a4 Nc6 8. Nc3
Be7 9. d5 exd5 10. Nxd5 Nxd5 11. Bxd5 Qc7 12. Bd2 Bf6 13. Qb3 O-O 14. Bc3 Bxc3
15. Qxc3 Nb4 16. Bb3 Bf5 17. Rfd1 Rac8 18. Ne5 Rce8 19. f4 b6 20. Bc4 Rd8 21.
Rac1 Bc2 22. Rf1 Bxa4 23. Rf3 b5 24. Bf1 Na2 25. Qxc5 Qxc5 26. Rxc5 Rd2 27. Rf2
Rxf2 28. Kxf2 f6 29. Nc6 Kf7 30. Nd4 Re8 31. b3 Bxb3 32. Nxb3 Nb4 33. Nd4 Re7
34. Kf3 Rd7 35. Be2 g6 36. g4 h6 37. h4 Nd5 38. Bd1 Nb4 39. Bb3+ 1-0

[Event "Portugal Open 2018"]
[Site "Lisboa POR"]
[Date "2018.02.05"]
[Round "5.50"]
[White "Ferrante, Marco"]
[Black "Eberlein, Johann"]
[Result "1-0"]
[WhiteElo "2267"]
[BlackElo "1978"]
[WhiteFideId "816035"]
[BlackFideId "24623121"]
[WhiteCountry "ITA"]
[BlackCountry "GER"]
[PlyCount "57"]
[EventDate "2018.??.??"]

1. e4 c6 2. d4 g6 3. Nc3 Bg7 4. h3 d5 5. Nf3 Nh6 6. Bd3 f6 7. Ne2 Nf7 8. exd5
cxd5 9. c4 O-O 10. O-O Nc6 11. Nf4 Nb4 12. Be2 e5 13. dxe5 fxe5 14. Nxd5 Nxd5
15. Qxd5 Qc7 16. Ng5 Qe7 17. c5 Kh8 18. Nxf7+ Rxf7 19. Bc4 Rf8 20. Qd6 Qh4 21.
Be2 Bf5 22. Be3 g5 23. Qe7 Bf6 24. Qxb7 Be4 25. Qd7 h5 26. g3 Rg8 27. Kh2 g4 28.
gxh4 gxh3 29. Qxh3 1-0

[Event "Portugal Open 2018"]
[Site "Lisboa POR"]
[Date "2018.02.05"]
[Round "5.51"]
[White "Corbalan Gomez, Juan Jose"]
[Black "Gratze, Michael"]
[Result "1-0"]
[WhiteElo "2245"]
[BlackElo "1968"]
[WhiteFideId "2260492"]
[BlackFideId "1613871"]
[BlackCountry "AUT"]
[PlyCount "61"]
[EventDate "2018.??.??"]

1. e4 c5 2. Nf3 d6 3. d4 cxd4 4. Nxd4 Nf6 5. Nc3 g6 6. Be3 Bg7 7. f3 O-O 8. Qd2
Nc6 9. Bc4 Bd7 10. O-O-O Rb8 11. g4 b5 12. Nxc6 Bxc6 13. Be2 b4 14. Nd5 Bxd5 15.
exd5 Qa5 16. Bc4 Rfc8 17. Bb3 Nd7 18. Kb1 Nc5 19. Qe1 Nxb3 20. cxb3 Rb5 21. Qd2
Qa6 22. Qd3 Bxb2 23. Kxb2 Rc3 24. Qd4 Qa3+ 25. Kb1 Ra5 26. Rd2 Rac5 27. Rb2 Qa5
28. Rd1 Qc7 29. Bd2 Rc2 30. Rxc2 Rxc2 31. Rc1 1-0